00372 a2200109 4500020001500000082002000015100002600035245009500061260005100156300003300207650002200240 a8180140857 a620.1304223 SHE aSheppard, Walter Lee. aCorrosion and Chemical Resistant Masonry Materials HandbookcEdited by Walter Lee Sheppard aDelhi :bStandard publisher distributer,c2006 axxxvi,722p. :bill. ;c25 cm amasonry materials